[Event "Championnat de France - Open A"]
[Site "Pau"]
[Date "2008.08.23"]
[Round "11.27"]
[White "Jouneau, Quentin"]
[Black "Garrel, Alain"]
[Result "0-1"]
[WhiteElo "1978"]
[BlackElo "2107"]
[PlyCount "58"]

1. e4 d5 2. exd5 Qxd5 3. Nc3 Qd6 4. d4 Nf6 5. g3 Bg4 6. Qd3 Nc6 7. Nge2 O-O-O
8. Bf4 e5 9. dxe5 Nxe5 10. Qxd6 Nf3+ 11. Kd1 Bxd6 12. Kc1 Bc5 13. h3 Bf5 14.
Bg2 Nd4 15. Nxd4 Bxd4 16. Nb5 Bxf2 17. Rf1 Rhe8 18. Bf3 Bxh3 19. Rh1 Be3+ 20.
Kb1 Bxf4 21. gxf4 Re3 22. Bd1 Bg2 23. Rg1 a6 24. Nc3 Bf3 25. a3 Rxc3 26. bxc3
Rxd1+ 27. Kb2 Rxa1 28. Kxa1 g6 29. f5 Be4 0-1

[Event "Championnat de France - Open A"]
[Site "Pau"]
[Date "2008.08.23"]
[Round "11.28"]
[White "Lachique, Francois"]
[Black "Fernandez, Laura"]
[Result "1-0"]
[WhiteElo "2104"]
[BlackElo "2003"]
[PlyCount "61"]

1. e4 d5 2. exd5 Qxd5 3. Nc3 Qd6 4. d4 Nf6 5. Nf3 a6 6. g3 Bg4 7. Bg2 e6 8. O-O
Be7 9. h3 Bxf3 10. Qxf3 c6 11. Rd1 O-O 12. Bf4 Qd8 13. Na4 Nd5 14. Bd2 Nd7 15.
c4 N5b6 16. Ba5 Bb4 17. Bxb4 Nxa4 18. Bxf8 Qxf8 19. Qb3 Nab6 20. c5 Nd5 21.
Qxb7 N7f6 22. Qxc6 Rb8 23. Rab1 a5 24. Qa4 Rb4 25. Qxa5 Qb8 26. Qa3 h5 27. h4
Ng4 28. Rd2 Nge3 29. Qa8 Nc4 30. Qxb8+ Rxb8 31. Re2 1-0

[Event "Championnat de France - Open A"]
[Site "Pau"]
[Date "2008.08.23"]
[Round "11.29"]
[White "Fourcand, Pierre"]
[Black "Normand, Vincent"]
[Result "0-1"]
[WhiteElo "1933"]
[BlackElo "2090"]
[PlyCount "62"]

1. d4 d5 2. c4 Nc6 3. cxd5 Qxd5 4. e3 e5 5. Nc3 Bb4 6. Bd2 Bxc3 7. bxc3 Qd6 8.
Bd3 Nf6 9. f3 O-O 10. Ne2 Re8 11. Qc2 h6 12. O-O b6 13. Qb2 Bb7 14. e4 Rad8 15.
Be3 Na5 16. Rad1 c6 17. Ng3 Bc8 18. f4 exd4 19. e5 dxc3 20. Qxc3 Nd5 21. Qc1
Qb4 22. Be4 Nxe3 23. Qxe3 Ba6 24. Rfe1 Nc4 25. Qf2 Qa4 26. Qf3 Nd2 27. Rxd2
Rxd2 28. Bxc6 Qd4+ 29. Kh1 Rd8 30. Nf1 Bxf1 31. Rxf1 Rd1 0-1

[Event "Championnat de France - Open A"]
[Site "Pau"]
[Date "2008.08.23"]
[Round "11.30"]
[White "Kharmoudi, Slimane"]
[Black "Le Bail, Clara"]
[Result "1/2-1/2"]
[WhiteElo "2087"]
[BlackElo "2035"]
[PlyCount "39"]

1. e4 e6 2. d4 d5 3. Nd2 Be7 4. c3 c5 5. dxc5 Bxc5 6. Nb3 Bb6 7. exd5 exd5 8.
Nf3 Nf6 9. Be2 O-O 10. O-O Nc6 11. Bf4 Bf5 12. Nbd4 Bg6 13. Qa4 Nh5 14. Bg3
Nxg3 15. hxg3 Qf6 16. Rad1 Rac8 17. Rfe1 Na5 18. Bd3 Nc4 19. Qc2 Rfe8 20. Bxg6
1/2-1/2

[Event "Championnat de France - Open A"]
[Site "Pau"]
[Date "2008.08.23"]
[Round "11.31"]
[White "Marchadour, Claire"]
[Black "Lamard, Guillaume"]
[Result "0-1"]
[WhiteElo "2060"]
[BlackElo "2001"]
[PlyCount "80"]

1. e4 c5 2. Nf3 e6 3. d4 cxd4 4. Nxd4 Nc6 5. Nb5 d6 6. c4 a6 7. N5c3 Nf6 8. Be2
Be7 9. O-O O-O 10. Be3 Qc7 11. f4 b6 12. Nd2 Bb7 13. Qe1 Nb8 14. Rc1 Nbd7 15.
Bf3 Bc6 16. Qe2 Qb7 17. b4 b5 18. cxb5 axb5 19. a4 Rab8 20. a5 e5 21. Ra1 Ra8
22. Rfb1 Rfc8 23. Qd3 exf4 24. Bxf4 Ne5 25. Qe3 Nfd7 26. Be2 Bf6 27. Ra3 Nf8
28. Nf3 Ng4 29. Qd2 Qa7+ 30. Be3 Nxe3 31. Kh1 Ng4 32. h3 Nf2+ 33. Kh2 Bxc3 34.
Qxc3 Bxe4 35. Qb2 Bxb1 36. Qxb1 d5 37. Bxb5 Qb8+ 38. Kg1 Nxh3+ 39. gxh3 Qxb5
40. Rb3 Qe2 0-1

[Event "Championnat de France - Open A"]
[Site "Pau"]
[Date "2008.08.23"]
[Round "11.32"]
[White "Guilbert, Jean-Louis"]
[Black "Daspres, Loic"]
[Result "0-1"]
[WhiteElo "2003"]
[BlackElo "2060"]
[PlyCount "64"]

1. d4 Nf6 2. c4 g6 3. Nc3 Bg7 4. e4 d6 5. f4 O-O 6. Nf3 Nfd7 7. Be2 e5 8. fxe5
dxe5 9. d5 f5 10. O-O f4 11. b4 g5 12. h3 h5 13. Nh2 Qe7 14. c5 Nf6 15. Bxh5 a5
16. Ba3 axb4 17. Bxb4 Na6 18. d6 Qe6 19. Nd5 Nxb4 20. Nxb4 Qc4 21. Nd5 Qxc5+
22. Kh1 Nxe4 23. Ne7+ Kh8 24. Ng6+ Kh7 25. Nxf8+ Bxf8 26. Rf3 Ng3+ 27. Rxg3
fxg3 28. Qd3+ e4 29. Qxg3 Bxd6 30. Qb3 Qe5 31. Qf7+ Kh8 32. Ng4 Qxa1+ 0-1

[Event "Championnat de France - Open A"]
[Site "Pau"]
[Date "2008.08.23"]
[Round "11.33"]
[White "Bourdeaud'Huy, Thomas"]
[Black "Thon, Gabriel"]
[Result "1/2-1/2"]
[WhiteElo "2052"]
[BlackElo "1985"]
[PlyCount "69"]

1. e4 c5 2. Nc3 e6 3. f4 a6 4. Nf3 Nc6 5. g3 d5 6. d3 Nf6 7. e5 Ng8 8. Bg2 Nh6
9. O-O Nf5 10. Qe2 h5 11. Bh3 b5 12. Nd1 Bb7 13. Bxf5 exf5 14. Ng5 Nd4 15. Qf2
Ne6 16. Nf3 d4 17. Bd2 Qd5 18. h4 Rd8 19. b3 Be7 20. Kh2 Rc8 21. Nb2 Bd8 22. a4
O-O 23. Qe2 Bb6 24. Kh3 g6 25. Rf2 Qd7 26. Qe1 Nc7 27. Ng5 Rfe8 28. Re2 Qc6 29.
Qf2 Nd5 30. Rg1 Ne3 31. Bxe3 dxe3 32. Qe1 Re7 33. Qc3 Rce8 34. axb5 axb5 35.
Nd1 1/2-1/2

[Event "Championnat de France - Open A"]
[Site "Pau"]
[Date "2008.08.23"]
[Round "11.35"]
[White "Martinet, Regis"]
[Black "Deschler, Fabrice"]
[Result "1/2-1/2"]
[WhiteElo "2049"]
[BlackElo "2141"]
[PlyCount "85"]

1. d4 Nf6 2. c4 Nc6 3. Nf3 e6 4. Nc3 Bb4 5. Bd2 d5 6. e3 O-O 7. a3 Be7 8. Bd3
b6 9. Qe2 Na5 10. b4 Nxc4 11. Bxc4 dxc4 12. Qxc4 Bb7 13. Qe2 Nd5 14. e4 Nxc3
15. Bxc3 c5 16. O-O Qd7 17. Rfd1 Qa4 18. d5 Ba6 19. Qb2 f6 20. Rd2 exd5 21.
exd5 Bd6 22. Nh4 Bc4 23. Nf5 Qd7 24. Nxd6 Qxd6 25. Qc2 Bb5 26. bxc5 bxc5 27.
Rb1 Rab8 28. Qd1 Ba4 29. Qe1 Rxb1 30. Qxb1 Re8 31. g3 Rb8 32. Qe4 Bb3 33. f4
Qd7 34. Qf3 Ba4 35. Qe3 Qh3 36. Qe6+ Qxe6 37. dxe6 Rb1+ 38. Kf2 Rd1 39. Rb2 Kf8
40. Bd2 g6 41. Be3 Ke7 42. Bxc5+ Kxe6 43. Bxa7 {suite illisible} 1/2-1/2

[Event "Championnat de France - Open A"]
[Site "Pau"]
[Date "2008.08.23"]
[Round "11.36"]
[White "Coustance, Kevin"]
[Black "Jactel, Nicolas"]
[Result "0-1"]
[WhiteElo "2034"]
[BlackElo "2141"]
[PlyCount "116"]

1. e4 c5 2. Nf3 Nc6 3. Bb5 d6 4. Bxc6+ bxc6 5. h3 e5 6. d3 Be7 7. O-O f5 8.
exf5 Bxf5 9. Re1 Nf6 10. Qe2 O-O 11. Nc3 Qd7 12. Ne4 Rae8 13. Bd2 Nd5 14. Rad1
Bg6 15. c4 Nf4 16. Bxf4 Rxf4 17. Qe3 Bh5 18. Nxc5 Rxf3 19. Qxe5 Qxh3 20. Qe4
Qf5 21. gxf3 Qxc5 22. Qe6+ Bf7 23. Qd7 Kf8 24. Re3 d5 25. d4 Qd6 26. Qxd6 Bxd6
27. c5 Bf4 28. Rxe8+ Kxe8 29. b4 Kd7 30. a4 a6 31. Kf1 Bg6 32. Ke2 Bg5 33. Ra1
Bf6 34. Ke3 Kc7 35. b5 axb5 36. axb5 cxb5 37. Ra7+ Kc6 38. Ra6+ Kc7 39. Ra7+
Kc6 40. Ra6+ Kb7 41. Rb6+ Kc7 42. Rxb5 h5 43. Ra5 h4 44. Ra1 Bf5 45. f4 Bh3 46.
Rg1 Kc6 47. f3 Bf5 48. Rh1 Kb5 49. Rc1 Kc6 50. Rh1 h3 51. Rg1 Bh4 52. Ke2 Bg3
53. Ra1 h2 54. Ra6+ Kb7 55. Ra1 Bh3 56. f5 Bg2 57. c6+ Kxc6 58. Ra6+ Kb5 0-1

[Event "Championnat de France - Open A"]
[Site "Pau"]
[Date "2008.08.23"]
[Round "11.37"]
[White "Fevre, Mathieu"]
[Black "Leitner, Walter"]
[Result "1-0"]
[WhiteElo "2032"]
[BlackElo "2126"]
[PlyCount "97"]

1. f4 c5 2. Nf3 g6 3. e4 Bg7 4. c3 d5 5. e5 Nc6 6. d4 cxd4 7. Nxd4 e6 8. Be3 h5
9. Bf2 Nh6 10. Bd3 a6 11. Nd2 Nxd4 12. Bxd4 Nf5 13. Nf3 Bd7 14. a4 Nxd4 15.
Nxd4 g5 16. f5 Qc7 17. O-O Bxe5 18. fxe6 Bxd4+ 19. cxd4 Bxe6 20. Qe2 Qb6 21.
Qe5 Kd7 22. Bf5 Qd6 23. Qf6 Qe7 24. Qe5 Qd6 25. Bxe6+ Qxe6 26. Qxg5 Rag8 27.
Qd2 Rg4 28. Rae1 Qg6 29. Rf2 Rg8 30. Kh1 Kc8 31. h3 Re4 32. Rxe4 dxe4 33. Qf4
e3 34. Qxe3 Rd8 35. Qe5 Qd6 36. Rxf7 h4 37. Qe4 Rd7 38. Rxd7 Kxd7 39. Qxb7+ Ke8
40. Qc8+ Kf7 41. Qf5+ Kg8 42. Qg5+ Kf7 43. Qh5+ Kg8 44. Qxh4 Qb4 45. Qg5+ Kh7
46. d5 Qxb2 47. d6 Qb1+ 48. Kh2 Qb4 49. Qh5+ 1-0

[Event "Championnat de France - Open A"]
[Site "Pau"]
[Date "2008.08.23"]
[Round "11.38"]
[White "Jaulin, Marc"]
[Black "Bressac, Stephane"]
[Result "1/2-1/2"]
[WhiteElo "2124"]
[BlackElo "2028"]
[PlyCount "122"]

1. e4 e6 2. d4 d5 3. Nc3 Nf6 4. Bg5 Bb4 5. e5 h6 6. Be3 Ne4 7. Qg4 Kf8 8. a3
Bxc3+ 9. bxc3 c5 10. Bd3 Qa5 11. Ne2 cxd4 12. Bxd4 Nc6 13. O-O Nc5 14. Bxc5+
Qxc5 15. Qg3 b6 16. Kh1 Rg8 17. f4 g6 18. Qh4 h5 19. Qg5 Qe7 20. Qh6+ Ke8 21.
Nd4 Nxd4 22. cxd4 Bb7 23. Bb5+ Kd8 24. a4 Rc8 25. Bd3 Bc6 26. Rfb1 Kc7 27. a5
Rb8 28. axb6+ axb6 29. Ra7+ Rb7 30. Rba1 b5 31. h3 Rgb8 32. Kh2 Rxa7 33. Rxa7+
Rb7 34. Ra8 Rb8 35. Rxb8 Kxb8 36. Qg7 Qd7 37. Kg3 Kb7 38. Qf8 Kc7 39. Kh4 Qd8+
40. Qxd8+ Kxd8 41. c3 Ke7 42. Kg5 Be8 43. g4 hxg4 44. hxg4 Bd7 45. f5 gxf5 46.
gxf5 exf5 47. Bxf5 Bc6 48. Bg4 Bb7 49. Bh3 Bc6 50. Bc8 Kd8 51. Ba6 Ke7 52. Kf5
Bd7+ 53. Kf4 Bc6 54. Kg5 Bd7 55. Bb7 Ke6 56. Kf4 Be8 57. Bc8+ Ke7 58. Kf5 Bc6
59. e6 fxe6+ 60. Bxe6 Kd6 61. Kf6 Be8 1/2-1/2

[Event "Championnat de France - Open A"]
[Site "Pau"]
[Date "2008.08.23"]
[Round "11.39"]
[White "Gras, Delphine"]
[Black "Blachon, Pascal"]
[Result "0-1"]
[WhiteElo "1993"]
[BlackElo "2118"]
[PlyCount "110"]

1. e4 d6 2. d4 Nf6 3. Nc3 e5 4. Nf3 Nbd7 5. Bg5 Be7 6. Be2 O-O 7. O-O c6 8. Re1
Qc7 9. Nh4 Re8 10. Nf5 Nf8 11. Nxe7+ Qxe7 12. Bc4 h6 13. Bh4 Ng6 14. Bg3 b5 15.
Bb3 b4 16. Na4 Be6 17. dxe5 dxe5 18. Bxe6 Qxe6 19. Nc5 Qc4 20. Nb7 Nxe4 21.
Rxe4 Qxe4 22. Nd6 Qd5 23. Nxe8 Rxe8 24. Qxd5 cxd5 25. Rd1 d4 26. f3 Rc8 27. Rd2
Rc6 28. Re2 f6 29. Be1 Nf4 30. Rd2 Ra6 31. g3 Nd5 32. a3 bxa3 33. bxa3 Rxa3 34.
Rd3 Rxd3 35. cxd3 Nc3 36. Kf2 a5 37. Bd2 a4 38. Bc1 Kf7 39. Ke1 Ke6 40. Bb2 Nb5
41. Kd2 h5 42. Kd1 g6 43. Kc2 f5 44. Bc1 Kd5 45. Kd2 e4 46. fxe4+ fxe4 47.
dxe4+ Kxe4 48. Ke2 Nd6 49. Bb2 Nc4 50. Ba1 d3+ 51. Ke1 Kf3 52. Bf6 a3 53. Kd1
a2 54. Ke1 d2+ 55. Kd1 Ke3 0-1

[Event "Championnat de France - Open A"]
[Site "Pau"]
[Date "2008.08.23"]
[Round "11.40"]
[White "Frih, Ameur"]
[Black "Achereiner, Guillaume"]
[Result "0-1"]
[WhiteElo "2103"]
[BlackElo "2025"]
[PlyCount "112"]

1. e4 e6 2. d4 d5 3. Nd2 dxe4 4. Nxe4 Nd7 5. Nf3 Ngf6 6. Bg5 Be7 7. Bxf6 Nxf6
8. Ng3 c5 9. Bd3 Qb6 10. Qd2 Bd7 11. c3 Bc6 12. dxc5 Bxc5 13. Ne5 Bxg2 14. Rg1
Bd5 15. Qe2 a6 16. b4 Bd6 17. Nf5 g6 18. Nxd6+ Qxd6 19. Rd1 Rf8 20. c4 Qxb4+
21. Kf1 Bc6 22. Nxc6 bxc6 23. Qf3 Qa4 24. Rb1 Ke7 25. Rb7+ Nd7 26. Kg2 Rab8 27.
Rgb1 c5 28. Qf4 Rxb7 29. Rxb7 Rd8 30. Qc7 Ke8 31. h3 Qxa2 32. Qc6 Qd2 33. Qd6
Qg5+ 34. Kh2 Qe5+ 35. Qxe5 Nxe5 36. Be4 Rd4 37. Rb8+ Ke7 38. Bb7 Rd8 39. Rxd8
Kxd8 40. Bxa6 Kc7 41. Kg3 Kb6 42. Bb5 Ka5 43. f4 Nd3 44. Kg4 h6 45. h4 e5 46.
f5 Kb4 47. f6 e4 48. Be8 Kc3 49. h5 gxh5+ 50. Kf5 e3 51. Bxf7 e2 52. Bxh5 e1=Q
53. f7 Qe5+ 54. Kg6 Nf4+ 55. Kh7 Qf5+ 56. Kg8 Ne6 0-1

[Event "Championnat de France - Open A"]
[Site "Pau"]
[Date "2008.08.23"]
[Round "11.41"]
[White "Koch, Alain"]
[Black "Ruch, Bernard"]
[Result "0-1"]
[WhiteElo "2090"]
[BlackElo "2022"]
[PlyCount "159"]

1. e4 e6 2. d4 d5 3. exd5 exd5 4. Nf3 Nf6 5. Bd3 Bd6 6. Bg5 Be6 7. O-O Nbd7 8.
Re1 c6 9. c4 h6 10. Bh4 O-O 11. c5 Bc7 12. Nc3 b6 13. b4 a5 14. a3 axb4 15.
axb4 bxc5 16. bxc5 Rxa1 17. Qxa1 Qa8 18. Ne2 Ne4 19. Bg3 Ba5 20. Rb1 Bg4 21.
Rb3 Nxg3 22. Nxg3 Bc7 23. Ra3 Qd8 24. Bf5 Bxf5 25. Nxf5 Kh7 26. Ra7 g6 27. Ne3
Nf6 28. Qa6 Qc8 29. Rb7 Kg7 30. g3 Bb8 31. Kg2 Re8 32. Qb6 Nd7 33. Qb2 Bc7 34.
h3 Re6 35. Ra7 Bd8 36. Ng4 Bf6 37. Qd2 h5 38. Qh6+ Kg8 39. Nxf6+ Rxf6 40. Qe3
Re6 41. Qa3 Kg7 42. Qa5 Nf6 43. Ne5 Rxe5 44. dxe5 Ne4 45. Ra8 Qf5 46. Qe1 Ng5
47. Qe3 Qxh3+ 48. Kg1 Qg4 49. Ra1 d4 50. Qc1 h4 51. Ra3 Nf3+ 52. Rxf3 Qxf3 53.
gxh4 Qg4+ 54. Kf1 Qxh4 55. Qc4 Qe4 56. e6 fxe6 57. Qa4 Kf6 58. Qa8 Ke5 59. Qd8
Qh1+ 60. Ke2 d3+ 61. Kd2 Qe4 62. Qd6+ Kf5 63. Qg3 Qf4+ 64. Kxd3 Qxg3+ 65. fxg3
e5 66. Ke3 g5 67. Kd3 e4+ 68. Kd4 g4 69. Kc3 Ke5 70. Kc4 e3 71. Kd3 Kd5 72.
Kxe3 Kxc5 73. Kf4 Kd4 74. Kxg4 c5 75. Kf3 Kd3 76. g4 c4 77. g5 c3 78. g6 c2 79.
g7 c1=Q 80. g8=N 0-1

[Event "Championnat de France - Open A"]
[Site "Pau"]
[Date "2008.08.23"]
[Round "11.42"]
[White "Brunier, Jules"]
[Black "Carrasco, Patrick"]
[Result "0-1"]
[WhiteElo "1937"]
[BlackElo "2087"]
[PlyCount "60"]

1. e4 e5 2. Nf3 Nc6 3. Bc4 Nf6 4. d4 exd4 5. e5 d5 6. Bb5 Ne4 7. Nxd4 Bd7 8.
Bxc6 bxc6 9. O-O Be7 10. f3 Ng5 11. Be3 O-O 12. f4 Ne4 13. Nd2 c5 14. N4f3 Nxd2
15. Qxd2 d4 16. Bf2 Bf5 17. Rfe1 Qd5 18. Bh4 Rfe8 19. Bxe7 Rxe7 20. Qf2 Rb8 21.
b3 Rb6 22. Rac1 h6 23. h3 Be4 24. Nd2 Bxg2 25. Kh2 Rg6 26. f5 Rg5 27. Qf4 Bh1
28. Ne4 Bxe4 29. Rxe4 f6 30. h4 Rxe5 0-1

[Event "Championnat de France - Open A"]
[Site "Pau"]
[Date "2008.08.23"]
[Round "11.43"]
[White "Donskoi, Karel"]
[Black "Castro, John"]
[Result "0-1"]
[WhiteElo "2084"]
[BlackElo "2014"]
[PlyCount "79"]

1. c4 Nf6 2. Nc3 c5 3. g3 d5 4. cxd5 Nxd5 5. Bg2 Nc7 6. d3 Nc6 7. Be3 e5 8. Nf3
Be7 9. O-O O-O 10. Rc1 Bd7 11. a3 Rc8 12. Ne1 Ne6 13. Nd5 b6 14. Qd2 Ned4 15.
Nxe7+ Qxe7 16. Qd1 Bg4 17. f3 Be6 18. Bxd4 exd4 19. f4 Bg4 20. Rf2 Qe6 21. Nf3
Bxf3 22. Bxf3 Ne7 23. f5 Qxf5 24. Bb7 Qg5 25. Bxc8 Rxc8 26. Qf1 f6 27. Re1 Rd8
28. Qh3 Qe5 29. Rf4 f5 30. Rf2 b5 31. g4 f4 32. Qf3 Nd5 33. Rc1 Rc8 34. Qe4 Qd6
35. b4 Nc3 36. Qb7 Re8 37. bxc5 Qxc5 38. Re1 a5 39. Qd7 Qe5 40. Qa7 0-1

[Event "Championnat de France - Open A"]
[Site "Pau"]
[Date "2008.08.23"]
[Round "11.44"]
[White "Robert, Bastien"]
[Black "Quenehen, Marc"]
[Result "1/2-1/2"]
[WhiteElo "2018"]
[BlackElo "2084"]
[PlyCount "48"]

1. d4 Nf6 2. Nf3 e6 3. Bf4 c5 4. e3 d5 5. c4 Bd6 6. Ne5 O-O 7. Nc3 cxd4 8. exd4
b6 9. Be2 Ba6 10. O-O Bxc4 11. Bxc4 dxc4 12. Qf3 Nd5 13. Nxd5 exd5 14. Nxf7
Rxf7 15. Qxd5 Na6 16. Qxd6 Qxd6 17. Bxd6 Rd7 18. Be5 Nb4 19. Rac1 b5 20. a3 Nc6
21. a4 a6 22. Ra1 Rad8 23. axb5 axb5 24. Ra6 Nxd4 1/2-1/2

[Event "Championnat de France - Open A"]
[Site "Pau"]
[Date "2008.08.23"]
[Round "11.45"]
[White "Smith, Matthieu"]
[Black "Allorant, Adrien"]
[Result "1/2-1/2"]
[WhiteElo "2064"]
[BlackElo "2011"]
[PlyCount "70"]

1. d4 Nf6 2. c4 e6 3. Nf3 c5 4. e3 b6 5. Nc3 Bb7 6. d5 d6 7. e4 exd5 8. exd5
Be7 9. Be2 O-O 10. O-O Na6 11. Bf4 Nc7 12. Qb3 Rb8 13. Rad1 Bc8 14. a4 Bf5 15.
h3 h6 16. Bd3 Qd7 17. Qc2 Bxd3 18. Qxd3 a6 19. Rfe1 Rfe8 20. Re2 b5 21. axb5
axb5 22. b3 bxc4 23. bxc4 Bf8 24. Rxe8 Rxe8 25. Rb1 Na6 26. Nb5 Nb4 27. Qf1 Ne4
28. Nd2 Qf5 29. Nxe4 Qxf4 30. Ng3 g6 31. Qc1 Qf6 32. Qd2 h5 33. Re1 Rxe1+ 34.
Qxe1 Nd3 35. Qe2 Nf4 1/2-1/2

[Event "Championnat de France - Open A"]
[Site "Pau"]
[Date "2008.08.23"]
[Round "11.46"]
[White "Lewis, John"]
[Black "Lograda, Alexis"]
[Result "1-0"]
[WhiteElo "2134"]
[BlackElo "2033"]
[PlyCount "139"]

1. d4 Nf6 2. Nf3 e6 3. c4 c5 4. d5 b5 5. dxe6 fxe6 6. cxb5 d5 7. Qc2 Bd6 8. Nc3
Bb7 9. e4 Nbd7 10. exd5 exd5 11. Bd3 O-O 12. O-O Ne5 13. Nxe5 Bxe5 14. h3 Ng4
15. Bxh7+ Kh8 16. Qe2 Qh4 17. Qxg4 Qxg4 18. hxg4 Kxh7 19. Bg5 Rf7 20. Rae1 Bd4
21. Be3 Bxe3 22. Rxe3 d4 23. Rh3+ Kg8 24. Na4 c4 25. Nc5 Rc8 26. Nxb7 Rxb7 27.
a4 a6 28. Rh5 axb5 29. axb5 c3 30. bxc3 dxc3 31. Rc1 Rd7 32. b6 c2 33. Kh2 Kf7
34. Rb5 Rd2 35. Kg3 Rc3+ 36. f3 Rc8 37. b7 Rb8 38. Rb6 Rd7 39. Rxc2 Rdxb7 40.
Rxb7+ Rxb7 41. Kh4 Rd7 42. f4 Re7 43. g5 g6 44. Rc6 Kg7 45. Kg4 Rd7 46. Kf3 Re7
47. g4 Rf7 48. Ke4 Re7+ 49. Kf3 Rf7 50. Rc5 Ra7 51. Re5 Ra3+ 52. Re3 Ra7 53. f5
Kf7 54. Kf4 Rb7 55. f6 Rb4+ 56. Re4 Rb1 57. Re7+ Kf8 58. Rg7 Rf1+ 59. Kg3 Rg1+
60. Kh3 Rh1+ 61. Kg2 Rh4 62. Kg3 Rh1 63. Rxg6 Rg1+ 64. Kh3 Rd1 65. Rg7 Rd3+ 66.
Kh4 Rd1 67. Kh5 Rh1+ 68. Kg6 Rf1 69. Rh7 Kg8 70. f7+ 1-0

[Event "Championnat de France - Open A"]
[Site "Pau"]
[Date "2008.08.23"]
[Round "11.47"]
[White "Velten, Paul"]
[Black "Busson, Benoist"]
[Result "1-0"]
[WhiteElo "2112"]
[BlackElo "2028"]
[PlyCount "103"]

1. d4 d5 2. Nf3 Nc6 3. Bf4 Bg4 4. e3 e6 5. c4 Bb4+ 6. Nc3 Nf6 7. Be2 dxc4 8.
Rc1 O-O 9. O-O Bxc3 10. bxc3 Nd5 11. Bg3 Nb6 12. Nd2 Bxe2 13. Qxe2 Na5 14. Qg4
Qe7 15. e4 f6 16. Rfe1 Nc6 17. f4 Qf7 18. Re3 Rfe8 19. Rce1 Rad8 20. Qe2 Rd7
21. Nxc4 Nxc4 22. Qxc4 e5 23. Qxf7+ Rxf7 24. fxe5 fxe5 25. d5 Na5 26. Rf3 Rxf3
27. gxf3 Nc4 28. Kf2 Nd6 29. Ke2 g5 30. Kd3 b5 31. Bf2 a6 32. Rg1 h6 33. h4 Nf7
34. hxg5 hxg5 35. Be3 Kh7 36. Bxg5 Rg8 37. Rh1+ Kg6 38. Be7 Nh6 39. Rg1+ Kf7
40. Rxg8 Kxg8 41. Bd8 Kf8 42. Bxc7 Nf7 43. f4 exf4 44. Bxf4 Ke7 45. Kd4 Kd7 46.
e5 Nd8 47. Bg5 Nb7 48. e6+ Ke8 49. Ke5 Nc5 50. d6 a5 51. Kd5 Nd7 52. Kc6 1-0

[Event "Championnat de France - Open A"]
[Site "Pau"]
[Date "2008.08.23"]
[Round "11.48"]
[White "Batteux, Mickael"]
[Black "Fejzovski, Ekrem"]
[Result "0-1"]
[WhiteElo "2030"]
[BlackElo "2093"]
[PlyCount "82"]

1. d4 f5 2. Bg5 Nf6 3. Bxf6 exf6 4. e3 d5 5. Bd3 Nc6 6. c3 Be6 7. Ne2 Bd6 8.
Qc2 Qd7 9. Nd2 O-O-O 10. Nf4 Ne7 11. Nxe6 Qxe6 12. O-O-O Kb8 13. Kb1 g6 14. h3
Nc8 15. Rhe1 Rhe8 16. Rc1 Nb6 17. Red1 Rc8 18. Qb3 c5 19. dxc5 Bxc5 20. Nf3 Nc4
21. Nd4 Bxd4 22. cxd4 Rc6 23. Bxc4 dxc4 24. Qa4 Qd5 25. g3 Rec8 26. Rc3 Ra6 27.
Qc2 Rac6 28. Rc1 b5 29. a3 a5 30. Qe2 R8c7 31. R3c2 b4 32. a4 Kc8 33. f3 c3 34.
Qb5 Qxf3 35. Rxc3 Rxc3 36. Qe8+ Kb7 37. Qb5+ Ka7 38. Qxa5+ Kb8 39. Qb6+ Kc8 40.
Qa6+ Kd7 41. Qb5+ Ke7 0-1

[Event "Championnat de France - Open A"]
[Site "Pau"]
[Date "2008.08.23"]
[Round "11.50"]
[White "Venner, Laurent"]
[Black "Dargagnon, Remi"]
[Result "0-1"]
[WhiteElo "2029"]
[BlackElo "2079"]
[PlyCount "84"]

1. d4 e6 2. Nf3 b6 3. e4 Bb7 4. Bd3 c5 5. c3 Nf6 6. Qe2 cxd4 7. cxd4 Nc6 8. O-O
Nb4 9. Nc3 Nxd3 10. Qxd3 Bb4 11. e5 Nd5 12. Nxd5 Bxd5 13. Bg5 Qc8 14. Rfc1 Qb7
15. a3 Bf8 16. Rc3 h6 17. Bh4 g5 18. Bg3 Be7 19. Rac1 O-O 20. Nd2 Rfc8 21. f3
Rxc3 22. Qxc3 Kg7 23. Kf2 b5 24. Qa5 Bd8 25. Qc3 a5 26. Qc5 Qb6 27. Ke3 Qxc5
28. Rxc5 Rb8 29. Ne4 b4 30. Nf6 bxa3 31. bxa3 Rb3+ 32. Ke2 Bc6 33. d5 exd5 34.
Nxd5 Rxa3 35. Be1 a4 36. Ba5 Bxa5 37. Rxa5 Ra2+ 38. Kf1 Rb2 39. Nc3 Kg6 40. Ke1
Rxg2 41. Nd5 Bxd5 42. Rxd5 a3 0-1

[Event "Championnat de France - Open A"]
[Site "Pau"]
[Date "2008.08.23"]
[Round "11.51"]
[White "Vignier, Pascal"]
[Black "Armand, Jerome"]
[Result "0-1"]
[WhiteElo "2068"]
[BlackElo "2020"]
[PlyCount "98"]

1. e4 b6 2. Nc3 Bb7 3. d4 e6 4. Nf3 Bb4 5. Bd3 Nf6 6. Qe2 d5 7. exd5 Qxd5 8.
O-O Bxc3 9. bxc3 Qh5 10. Ne5 Qxe2 11. Bxe2 O-O 12. Ba3 Rd8 13. Bb5 Nd5 14. Bb2
Nf4 15. f3 a6 16. Ba4 b5 17. Bb3 Nd7 18. Rfe1 c5 19. c4 Nxe5 20. Rxe5 Rac8 21.
g3 f6 22. Ree1 Nh3+ 23. Kg2 Ng5 24. Rf1 bxc4 25. Bxc4 cxd4 26. Bb3 Bd5 27. Rf2
Bxb3 28. axb3 Rc5 29. Rd2 Rdc8 30. Bxd4 Rxc2 31. Rad1 Rxd2+ 32. Rxd2 Rd8 33.
Kf2 e5 34. Bc3 Rxd2+ 35. Bxd2 Ne6 36. Ke3 Nd4 37. b4 Kf7 38. f4 Ke6 39. fxe5
fxe5 40. Ke4 Nb5 41. g4 Nd6+ 42. Kd3 Kd5 43. Be1 e4+ 44. Ke3 Nc4+ 45. Ke2 Kd4
46. Bf2+ e3 47. Bh4 Ke4 48. Bg3 Nb6 49. Bd6 Nd5 0-1

[Event "Championnat de France - Open A"]
[Site "Pau"]
[Date "2008.08.23"]
[Round "11.52"]
[White "Lamouille, Patrick"]
[Black "Lewertowski, Gabriel"]
[Result "1-0"]
[WhiteElo "2052"]
[BlackElo "2017"]
[PlyCount "103"]

1. d4 Nf6 2. Nf3 e6 3. g3 d5 4. Bg2 c5 5. e3 Nc6 6. O-O Be7 7. b3 O-O 8. c4 Re8
9. Nc3 cxd4 10. exd4 Bb4 11. Qd3 dxc4 12. bxc4 e5 13. Bg5 Qa5 14. Bxf6 Bxc3 15.
Ng5 e4 16. Bxe4 gxf6 17. Bxh7+ Kg7 18. Nxf7 Kxf7 19. Qg6+ Ke7 20. Qg7+ Kd8 21.
Qxf6+ Ne7 22. Rac1 Bh3 23. Rfd1 Rc8 24. Qh4 Rxc4 25. Qxh3 Qxa2 26. Qe6 Qa4 27.
Bc2 Qc6 28. d5 Qxe6 29. dxe6+ Kc8 30. Bb3 Rc7 31. Ba4 Rd8 32. Bd7+ Kb8 33. Kg2
Ba5 34. f4 a6 35. g4 Rxc1 36. Rxc1 Bd2 37. Rc4 Nd5 38. Kf3 Nf6 39. Rd4 Bc3 40.
Rd3 Bb4 41. g5 Nxd7 42. exd7 Be7 43. h4 Kc7 44. f5 Rxd7 45. Rc3+ Kd8 46. f6 Bf8
47. Ke4 b5 48. g6 a5 49. Rg3 Bg7 50. fxg7 Rxg7 51. h5 Re7+ 52. Kd4 1-0

[Event "Championnat de France - Open A"]
[Site "Pau"]
[Date "2008.08.23"]
[Round "11.53"]
[White "Csomos, Romain"]
[Black "Lahilhanne, Philippe"]
[Result "1-0"]
[WhiteElo "2011"]
[BlackElo "2051"]
[PlyCount "41"]

1. d4 g6 2. Nf3 Bg7 3. e4 d6 4. c4 Nd7 5. Bd3 e5 6. d5 Nc5 7. Bc2 a5 8. Nc3 Nh6
9. Be3 f6 10. Qd2 Nf7 11. O-O O-O 12. a3 Bg4 13. Ne1 b6 14. f3 Bd7 15. Nd3 f5
16. Nxc5 bxc5 17. a4 Qh4 18. Nb5 Rfc8 19. g3 Qf6 20. Rab1 f4 21. gxf4 1-0

[Event "Championnat de France - Open A"]
[Site "Pau"]
[Date "2008.08.23"]
[Round "11.54"]
[White "Neri, Jean-Baptiste"]
[Black "Brunstein, Sandrine"]
[Result "1/2-1/2"]
[WhiteElo "1928"]
[BlackElo "2049"]
[PlyCount "101"]

1. e4 e6 2. d4 d5 3. Nc3 Bb4 4. e5 c5 5. a3 Bxc3+ 6. bxc3 Ne7 7. Qg4 Nf5 8. Bd3
h5 9. Qd1 Qa5 10. Bxf5 exf5 11. Bd2 Qa4 12. Ne2 Be6 13. Be3 Nc6 14. Nf4 cxd4
15. cxd4 h4 16. h3 g5 17. Nxe6 fxe6 18. Bxg5 Qxd4 19. Qxd4 Nxd4 20. Rc1 Rc8 21.
Kd2 Kd7 22. f4 Rc4 23. Rb1 b6 24. Rhc1 Rg8 25. Rb4 Rxb4 26. axb4 Nc6 27. c3
Nxe5 28. Ra1 Nc4+ 29. Kd3 a5 30. Ra2 Rh8 31. Kd4 Kc6 32. bxa5 bxa5 33. Re2 Kd6
34. Ra2 Rb8 35. Bxh4 Rb2 36. Rxb2 Nxb2 37. Ke3 a4 38. Kd2 Nc4+ 39. Kc1 Kd7 40.
Bf6 Ke8 41. g4 fxg4 42. hxg4 Kf7 43. g5 Kg6 44. Bd8 Kf5 45. Bc7 e5 46. Bxe5
Nxe5 47. fxe5 Kxg5 48. Kb2 Kf5 49. Ka3 Kxe5 50. Kxa4 Ke4 51. Kb4 1/2-1/2